000 00571nam a2200229Ia 4500
003 OSt
005 20221007065027.0
006 a|||||r|||| 00| 0
007 ta
008 221006b |||||||| |||| 00| 0 eng d
024 _a18,693
037 _cTextual
040 _aFLL
_cFLL
_beng
041 _2eng
_aeng
082 _aZ1, M1
100 _aChhabra H.K.
245 0 _aRelations of nations
260 _aDelhi
_bSurjeet Publications India
_c1981
300 _a148p
_ccm.
942 _hZ1, M1
_cTEXL
_2CC
999 _c1136095
_d1136095